Zámek Luhačovice barokní sídlo v proměnách času

Bibliographic Details
Main Author: Pokluda, Zdeněk, 1946- (Author)
Format: Book
Language:Czech
PhysicalDescription:32 s. ilustr., mp., portréty, geneal. tabuľky 23 cm
Published: Luhačovice Mesto Luhačovice 2004
Edition:1. vyd.
Series:Prameny
Subjects:

MARC

LEADER 00000nam a2200000 a 4500
001 vtls008769566
003 SK-MaSNL
005 20260301205600.0
008 240318s2004 xr jabcg f 000 0 cze
020 |q (brož.) 
040 |a SNK  |b slo  |c SNK  |e AACR2 
041 0 |a cze 
043 |a e-xr---  |a e-xr-zl 
072 7 |a 72  |x Architektúra  |2 konspekt 
080 |a 728.82  |2 2001 
080 |a 94(437.6)  |2 2001 
080 |a (036)  |2 2001 
100 1 |a Pokluda, Zdeněk,  |d 1946-  |4 aut  |9 88293 
245 1 0 |a Zámek Luhačovice  |b barokní sídlo v proměnách času  |c Zdeněk Pokluda 
250 |a 1. vyd. 
260 |a Luhačovice  |b Mesto Luhačovice  |c 2004 
300 |a 32 s.  |b ilustr., mp., portréty, geneal. tabuľky  |c 23 cm 
490 1 |a Prameny 
500 |a Chronologický prehľad 
504 |a Bibliografia s. 26 
610 2 7 |a Luhačovice (Česko : zámok)  |2 SNKKA  |9 591901 
650 0 7 |a zámky  |2 SNKPH  |9 3041 
651 7 |a Luhačovice (Česko)  |x dejiny  |2 SNKPHgeo  |9 591902 
655 7 |a informačné publikácie  |2 SNKPH  |9 70181 
830 0 |a Prameny  |9 277564 
999 |c 910651  |d 912581 
952 |a SNK  |b SNK  |y VYP  |7 0  |p 17A0474947  |o snkIC 133408  |i snk2006/11161  |8 1  |0 0  |1 0  |4 0  |d 2006-06-02  |l 0  |r 2026-02-24 07:42:13  |w 2026-02-24